| 000 | 00925nam a22002177a 4500 | ||
|---|---|---|---|
| 999 |
_c7036 _d7036 |
||
| 003 | AR-CdUCM | ||
| 008 | 190319b ||||| |||| 00| 0 spa d | ||
| 040 |
_aMUNICIPALIDAD PROVINCIAL DEL CUSCO _cBIBLIOTECA MUNICIPAL DEL CUSCO |
||
| 082 |
_a086.909 / _bC25 |
||
| 100 |
_aCantú, Césare _919829 |
||
| 245 |
_aHistoria universal / _bCésar Cantú |
||
| 260 |
_aMadrid : _bMellado, _c1848. _c1850. |
||
| 300 |
_a38 tomos. : _c17 cm. |
||
| 500 |
_aColección incompleta faltan los tomos. 24,25,30. _zIndice del t.35 al t.38. |
||
| 505 | _aContenido: Desde la creación hasta la dispersión de los hombres -- Desde la dispersión de los pueblos hasta las olimpiadas -- De las bellas artes en general y especialmente en la India y el Egipto ... | ||
| 650 |
_aHistoria Universal _91423 |
||
| 650 |
_aHistoria de la humanidad _914179 |
||
| 700 |
_aFerrer Del Rio, Antonio (traductor) _919830 |
||
| 942 |
_2ddc _cLIBROS |
||
| 945 | _arah | ||